Webster's dictionary of synonyms : (Record no. 136076)

MARC details
000 -LEADER
fixed length control field 00664nam a22002057a 4500
005 - DATE AND TIME OF LATEST TRANSACTION
control field 20170124110254.0
010 ## - LIBRARY OF CONGRESS CONTROL NUMBER
LC control number 161498
020 ## - INTERNATIONAL STANDARD BOOK NUMBER
Terms of availability 00.00
035 ## - SYSTEM CONTROL NUMBER
System control number 161498
037 ## - SOURCE OF ACQUISITION
Source of stock number/acquisition Cen Lib/Ret
040 ## - CATALOGING SOURCE
Original cataloging agency DPL
Language of cataloging EN
082 ## - DEWEY DECIMAL CLASSIFICATION NUMBER
Classification number 484
Item number WEB
245 ## - TITLE STATEMENT
Title Webster's dictionary of synonyms :
Remainder of title a dictionary of discriminated synonyms with antonyms and analogous and contrasted words /
260 ## - PUBLICATION, DISTRIBUTION, ETC. (IMPRINT)
Place of publication, distribution, etc U.S.A.
Name of publisher, distributor, etc G.& C.Merriam Co.Publishers
Date of publication, distribution, etc 1951
270 ## - ADDRESS
City U.S.A.
Address Springfield,Mass
300 ## - PHYSICAL DESCRIPTION
Extent xxxiii,907p.
Dimensions 22cm(Hb)
650 ## - SUBJECT ADDED ENTRY--TOPICAL TERM
Topical term or geographic name as entry element English -- dictionary
9 (RLIN) 2590
650 ## - SUBJECT ADDED ENTRY--TOPICAL TERM
Topical term or geographic name as entry element English language
Form subdivision dictionary
9 (RLIN) 1923
942 ## - ADDED ENTRY ELEMENTS (KOHA)
Source of classification or shelving scheme Dewey Decimal Classification
Koha item type English Books
Classification part 484
Call number suffix WEB
Holdings
Withdrawn status Lost status Damaged status Not for loan Collection code Home library Current library Date acquired Source of acquisition Cost, normal purchase price Total Checkouts Full call number Barcode Date last seen Copy number Cost, replacement price Price effective from Koha item type
      Not For Loan Reference Central Library Central Library 13/10/2015 Cen Lib/Ret 0.00   484 WEB 161498 13/10/2015 1 0.00 13/10/2015 English Books

© Delhi Public Library
Hit Counter
free hit counter